00328nam a22001217a 4500008004100000082001800041100002200059245006100081250001200142260003000154300001100184650001100195210121b ||||| |||| 00| 0 eng d00a813.54bG6241 aGoldsmith, Oliver10aThe Vicar of wakeffield she stops to conquer and poems / a1dt ed. aLondon :bCollins,c1953. a320 p. 0aClergy